000 005550000a22001810004500
003 MACL
005 20160401153809.0
008 160401b xxu||||| |||| 00| 0 eng d
040 _aMACL
_cMACL
041 _aHindi
082 _a364 SIN
100 _aसिंह निशांत
_949728
245 _aआधी दुनिया और अपराध
260 _bसाहित्‍यशिला प्रकाशन
_c2007
_aनई दिल्‍ली
350 _a250
650 _aCriminology
_949729
942 _cHIN
_k364/SIN
_2ddc
999 _c42263
_d42263